Capitals Click Quiz: Countries Starting with B - Statistics

General Stats
  • This quiz has been taken 203 times
  • The average score is 14 of 17
Answer Stats
Hint Answer % Correct
Brussels Belgium
100%
Brasilia Brazil
98%
Sarajevo Bosnia & Herzegovina
95%
Minsk Belarus
94%
La Paz / Sucre Bolivia
93%
Sofia Bulgaria
93%
Dhaka Bangladesh
89%
Nassau Bahamas
87%
Bridgetown Barbados
82%
Belmopan Belize
75%
Thimphu Bhutan
75%
Manama Bahrain
74%
Bandar Seri Begawan Brunei
72%
Ouagadougou Burkina Faso
68%
Gaborone Botswana
64%
Porto-Novo / Cotonou Benin
58%
Gitega Burundi
58%
No matching quizzes found
Score Distribution
Percent of People with Each Score
Percentile by Number Answered
Your Score History
You have not taken this quiz